Canon Law on Marrige/ (Record no. 212726)

MARC details
000 -LEADER
fixed length control field 00642nam a22002057a 4500
005 - DATE AND TIME OF LATEST TRANSACTION
control field 20250729160153.0
010 ## - LCCN (DPL NO)
LC control number ENG-146248
020 ## - INTERNATIONAL STANDARD BOOK NUMBER
International Standard Book Number 9789348685827
Terms of availability 700.00
035 ## - SYSTEM CONTROL NUMBER
System control number EN-129780
037 ## - SOURCE OF ACQUISITION
Source of stock number/acquisition DBAD
082 ## - DEWEY DECIMAL CLASSIFICATION NUMBER
Classification number 346.54
Edition number 1
100 ## - MAIN ENTRY--PERSONAL NAME
Personal name Lourdusamy, T.
245 ## - TITLE STATEMENT
Title Canon Law on Marrige/
Statement of responsibility, etc T. Lourdusamy
250 ## - EDITION STATEMENT
Edition statement 1
260 ## - PUBLICATION, DISTRIBUTION, ETC. (IMPRINT)
Place of publication, distribution, etc Bengaluru
Name of publisher, distributor, etc ATC Publishers
Date of publication, distribution, etc 2025
270 ## - ADDRESS
Address 9/12-1, 1st Floor, Lloyd's Road Cooke Town
City Bengaluru
Postal code 560005
Electronic mail address admin@atcpublishers.com
300 ## - PHYSICAL DESCRIPTION
Extent 415p.
Dimensions 23cm(hb)
500 ## - GENERAL NOTE
General note A Canonical and Pastoral Guide for Clergy and Laity
942 ## - ADDED ENTRY ELEMENTS (KOHA)
Source of classification or shelving scheme Dewey Decimal Classification
Item type English Books
Call number suffix LOU
Classification part 346.54
Holdings
Withdrawn status Lost status Not for loan Collection code Home library Current library Date acquired Source of acquisition Cost, normal purchase price Full call number Barcode Copy number Cost, replacement price Koha item type
    Not For Loan Non-fiction D.B.Act.Division D.B.Act.Division 29/07/2025 Delivery of Books Act Division 700.00 LOU 346.54 EN-129780 1 700.00 English Books

© Delhi Public Library
Hit Counter
free hit counter